| 000 | 00924pam a2200229 a 4500 | ||
|---|---|---|---|
| 020 | _a0446673877 | ||
| 082 | 0 | 0 | _a306/.0951 |
| 100 | 1 | _aSeligman, Scott D. | |
| 245 | 1 | 0 |
_aChinese business etiquette : _ba guide to protocol, manners, and culture in the People's Republic of China / _cScott D. Seligman ; foreword by Robert A. Kapp ; illustrations by Edward J. Trenn. |
| 260 |
_aNew York : _bGrand Central Publishing _cc1999. |
||
| 300 |
_axxi, 281 p. ; _c20 cm. |
||
| 650 | 0 |
_aBusiness etiquette _951965 |
|
| 650 | 0 |
_aCorporations, Foreign _951966 |
|
| 700 | 1 |
_aSeligman, Scott D. _951964 |
|
| 942 |
_2ddc _cBK |
||
| 999 |
_c554467 _d554467 |
||